Estadística matemática con aplicaciones / William Mendenhal (Registro nro. 14184)
[ vista simple ]
| 000 -LÍDER | |
|---|---|
| fixed length control field | 00561nam a2200169 4500 |
| 008 - ELEMENTOS DE LONGITUD FIJA -- INFORMACIÓN GENERAL | |
| fixed length control field | 0 1986 0a 000 0MEX |
| 020 ## - NÚMERO INTERNACIONAL NORMALIZADO PARA LIBROS | |
| ISBN | 968-7270-17-9 |
| 050 ## - SIGNATURA TOPOGRAFICA DE LA BIBLIOTECA DEL CONGRESO (LC) | |
| Número de Clasificación | QA76 M426 |
| 082 ## - NUMERO DE CLASIFICACION DECIMAL DEWEY | |
| Número de Clasificación | 519.5 |
| 100 ## - ASIENTO PRINCIPAL--NOMBRE PERSONAL | |
| Nombre personal | Mendenhall, William |
| 245 ## - TÍTULO | |
| Título | Estadística matemática con aplicaciones / William Mendenhal |
| 260 ## - PUBLICACIÓN, DISTRIBUCIÓN, ETC. (PIE DE IMPRENTA) | |
| Lugar de publicación, distribución, etc. | México : Iberoamérica |
| 300 ## - DESCRIPCIÓN FÍSICA | |
| Extensión | 751 p. / 23.5cm |
| 500 ## - NOTA GENERAL | |
| Nota general | Incluye índice |
| 650 ## - ASIENTO SECUNDARIO DE MATERIA - TERMINO TEMÁTICO | |
| Término temático o nombre geográfico como elemento de entrada | 1.ESTADÍSTICA MATEMÁTICA |
| 700 ## - ASIENTO SECUNDARIO - NOMBRE PERSONAL | |
| Nombre personal | Scheaffer, Richard L., COaut. \ Valckx Verbeck, Dirk, Tr. \ Davila de Apodaca, Bertha, Rev. |
| No. biblioteca | No. biblioteca | Número de clasificación | Código de barras/Número de adquisición | Número de copia | Tipo de material |
|---|---|---|---|---|---|
| LUIS G. INCLAN | LUIS G. INCLAN | 519.5 | 28621 | 1 | Libros |
